Widok standardowy
Widok MARC
Pozycja Corporate Name
Liczba rekordów, w których użyto hasła: 1
001 - Numer kontrolny
- control field: 26634
003 - Identyfikator numeru kontrolnego
- control field: NUKAT
005 - Data i czas ostatniej modyfikacji
- control field: 20250428105033.0
008 - Dane kontrolne kodowane (40 znaków)
- fixed length control field: 961220n||a|znnaabn |a ana |c
010 ## - Numer kontrolny Biblioteki Kongresu
- numer kontrolny LC: n 96016341
024 7# - OTHER STANDARD IDENTIFIER
- Standard number or code: 125495003
- Source of number or code: viaf
024 7# - OTHER STANDARD IDENTIFIER
- Standard number or code: 0000000121519344
- Source of number or code: isni
024 7# - OTHER STANDARD IDENTIFIER
- Standard number or code: Q1205704
- Source of number or code: wikidata
040 ## - Instytucja sporządzająca rekord
- inst. przygot. dane do rek. khw: WA U/BN
- język haseł przedmiotowych/tezaurus: kaba
- inst. wprow. rek. khw: WA U/BN
110 2# - Hasło - nazwa ciała zbiorowego
- nazwa ciała zbior. lub geogr. na pocz.: Niemiecki Instytut Historyczny (Warszawa).
410 2# - Trop zob. - nazwa ciała zbiorowego
- nazwa ciała zbior. lub geogr. na pocz.: Niemiecki Instytut Historyczny w Warszawie.
410 2# - Trop zob. - nazwa ciała zbiorowego
- nazwa ciała zbior. lub geogr. na pocz.: Deutsches Historisches Institut Warschau.
410 2# - Trop zob. - nazwa ciała zbiorowego
- nazwa ciała zbior. lub geogr. na pocz.: German Historical Institute in Warsaw.
410 2# - Trop zob. - nazwa ciała zbiorowego
- nazwa ciała zbior. lub geogr. na pocz.: GHI.
410 2# - Trop zob. - nazwa ciała zbiorowego
- nazwa ciała zbior. lub geogr. na pocz.: NIH.
410 2# - Trop zob. - nazwa ciała zbiorowego
- nazwa ciała zbior. lub geogr. na pocz.: DHI.
665 ## - Nota historyczna
- nota historyczna: Niemiecki Instytut Historyczny w Warszawie powstał w 05.1993.
670 ## - Źródło informacji
- źródło informacji: Biuletyn / Niemiecki Instytut Historyczny w Warszawie. - Nr 1 (1995).
670 ## - Źródło informacji
- źródło informacji: http://www.dhi.waw.pl/home_pl.html